NFORMATION TECHNOLOGY PROJECT MANAGMNAT / (Record no. 587478)

000 -LEADER
fixed length control field 00369nam a22001457a 4500
020 ## - INTERNATIONAL STANDARD BOOK NUMBER
Qualifying information PB.
040 ## - CATALOGING SOURCE
Transcribing agency FIZZA ISHAQ
082 ## - DEWEY DECIMAL CLASSIFICATION NUMBER
Classification number 004.0684
Author Mark MAR
100 ## - MAIN ENTRY--PERSONAL NAME
Personal name JACKT, MARCHEWKA.
9 (RLIN) 87227
245 ## - TITLE STATEMENT
Title NFORMATION TECHNOLOGY PROJECT MANAGMNAT /
Statement of responsibility, etc. MARCHEWKA JACKT.
250 ## - EDITION STATEMENT
Edition statement 5th ED.
260 ## - PUBLICATION, DISTRIBUTION, ETC.
Place of publication, distribution, etc. NEW DEHLI :
Name of publisher, distributor, etc. WILEY,
Date of publication, distribution, etc. 2006.
300 ## - PHYSICAL DESCRIPTION
Extent 341 P. ;
942 ## - ADDED ENTRY ELEMENTS (KOHA)
Source of classification or shelving scheme
Koha item type Book
Holdings
Withdrawn status Lost status Source of classification or shelving scheme Damaged status Not for loan Permanent Location Current Location Date acquired Total Checkouts Full call number Barcode Date last seen Price effective from Koha item type
          NUST Baluchistan Campus (NBC) NUST Baluchistan Campus (NBC) 12/31/2021   004.0684 MAR Q-2277 12/31/2021 12/31/2021 Book
© 2023 Central Library, National University of Sciences and Technology. All Rights Reserved.